| 000 | 01022cam a2200313 i 4500 | ||
|---|---|---|---|
| 001 | 200463217 | ||
| 003 | TR-AnTOB | ||
| 005 | 20241219141013.0 | ||
| 008 | 010521s1999 tu 000 0 tur d | ||
| 020 | _a9757430129 | ||
| 040 |
_aTR-AnTOB _beng _erda _cTR-AnTOB |
||
| 041 | 0 | _atur | |
| 050 | 1 |
_aDR435.A7 _bE764 1999 |
|
| 090 |
_aDR435.A7 _bE764 1999 |
||
| 245 | 1 | 0 |
_aErmeni ve Rus mezalimi (1914-1916) (tanık ifadeleri) / _cyayına hazırlayan Dr. Erdal İlter. |
| 264 | 1 |
_aAnkara : _bKÖK Sosyal ve Stratejik Araştırmalar Vakfı, _c1999. |
|
| 300 |
_a195 pages ; _c20 cm |
||
| 336 |
_atext _btxt _2rdacontent |
||
| 337 |
_aunmediated _bn _2rdamedia |
||
| 338 |
_avolume _bnc _2rdacarrier |
||
| 490 | 0 |
_aKök sosyal ve stratejik araştırmalar serisi ; _v12 |
|
| 504 | _aBIB | ||
| 650 | 0 |
_aErmeni sorunu _96430 |
|
| 650 | 7 |
_aErmeniler _2etuturkob _950861 |
|
| 650 | 0 |
_aErmeniler _zTürkiye _xTarih _vKaynaklar _98327 |
|
| 700 | 1 |
_aİlter, Erdal _eeditor _938891 |
|
| 942 |
_2lcc _cBK |
||
| 999 |
_c200463217 _d81429 |
||